| 000 | 01465cam a22003374a 4500 | ||
|---|---|---|---|
| 001 | 15116503 | ||
| 003 | NUST | ||
| 005 | 20221115112520.0 | ||
| 008 | 071217s2009 mauab f 001 0 eng | ||
| 010 | _a 2007943428 | ||
| 020 | _a9780312477073 | ||
| 020 | _a0312477074 | ||
| 040 |
_aDLC _cDLC _dDLC |
||
| 050 | 0 | 0 |
_aT11 _b.B78 2009 |
| 082 | _a808.0666, ALR | ||
| 100 | 1 |
_aAlred, Gerald J. _9102607 |
|
| 245 | 1 | 0 |
_aHandbook of technical writing / _cGerald J. Alred, Charles T. Brusaw, Walter E. Oliu. |
| 250 | _a9th ed. | ||
| 260 |
_aBoston : _bBedford/St. Martins, _cc2009. |
||
| 300 |
_axxii, 628 p. : _bill., map ; _c21 cm. |
||
| 505 | _aFive Steps to Successful Writing (Page-xv), Check list of the writing Process (Page-xxiii), Handbook of Technical Writing: Alphabetical Entries (Page-1-576). | ||
| 650 | 0 |
_aTechnical writing _vHandbooks, manuals, etc. _97402 |
|
| 700 | 1 |
_aBrusaw, Charles T. _9102608 |
|
| 700 | 1 |
_aOliu, Walter E. _9102609 |
|
| 856 | 4 | 2 |
_3Contributor biographical information _uhttp://www.loc.gov/catdir/enhancements/fy1010/2007943428-b.html |
| 856 | 4 | 2 |
_3Publisher description _uhttp://www.loc.gov/catdir/enhancements/fy1010/2007943428-d.html |
| 906 |
_a7 _bcbc _corigcop _d2 _eepcn _f20 _gy-gencatlg |
||
| 942 |
_2ddc _cBK |
||
| 999 |
_c592303 _d592303 |
||